01399nmc a2200493 a 4500003000900000005001700009008004100026040001300067100002100080245003500101250001200136260002400148300001100172490005900183504003100242600001600273600003400289600002200323600001900345600002400364650002900388650003000417650003100447650003100478650002700509650002200536650002400558650002500582650002100607650003000628650002500658651001500683651000900698651001000707651001300717651001100730651001300741651002400754651001300778653002600791653001600817700003800833800003400871AR-BaBNM20251128203525.0096019s1966 ||||||||||||||000 | spa|| cAR-BaBNM1 aPlanchard, Emile10aLa pedagogía contemporánea a4ª ed. aMadridbRialpc19660 a642 p. 0aManuales de la biblioteca del pensamiento actualvv. 1 aBibliografías p. 581-63014aDewey, John14aClaparede, Edouardd1873-194014aFerriere, Adolphe14aDecroly, Ovide14aMontessori, María 4aCIENCIAS DE LA EDUCACION 4aFILOSOFIA DE LA EDUCACION 4aPSICOLOGIA DE LA EDUCACION 4aSOCIOLOGIA DE LA EDUCACION 4aPEDAGOGIA EXPERIMENTAL 4aCONDUCTA INFANTIL 4aPSICOLOGIA DEL NINO 4aPSICOLOGIA EVOLUTIVA 4aALUMNOS ATIPICOS 4aPROCESOS PSICOPEDAGOGICOS 4aPRUEBAS PSICOLOGICAS 4aInglaterra 4aURSS 4aSuiza 4aPortugal 4aItalia 4aEspaña 4aAmérica del Norte 4aAlemania 0aORIENTACION EDUCATIVA 0aPLAN DALTON1 aGarcía Hoz, Víctoretraductor1 aCalvo Serer, Rafaeledirector